-
Jensen, Keld and UNT Iwar
Entry Personal Name
Number of records used in: 2
001 - CONTROL NUMBER
003 - CONTROL NUMBER IDENTIFIER
005 - DATE AND TIME OF LATEST TRANSACTION
- control field:
20160628105221.0
008 - FIXED-LENGTH DATA ELEMENTS
- fixed length control field:
160628|| aca||aabn | a|a d
040 ## - CATALOGING SOURCE
- Original cataloging agency:
OSt
- Transcribing agency:
OSt
100 ## - HEADING--PERSONAL NAME
- Personal name:
Jensen, Keld and UNT Iwar
670 ## - SOURCE DATA FOUND
- Source citation:
Work cat.: (OSt): Jensen, Keld and UNT Iwar, Negotiating Partnerships, 2004